000 01412nam a2200361 a 4500
001 ebr10014993
003 CaPaEBR
006 m u
007 cr cn|||||||||
008 990325s2000 enk sb 001 0 eng
010 _z 99023184
020 _z0521554195 (hbk)
020 _z052155621X (pbk)
040 _aCaPaEBR
_cCaPaEBR
035 _a(OCoLC)56217360
050 1 4 _aPA6054
_b.K44 2000eb
082 0 4 _a873/.0109352042
_221
100 1 _aKeith, Alison.
245 1 0 _aEngendering Rome
_h[electronic resource] :
_bwomen in Latin epic /
_cA.M. Keith.
260 _aCambridge [England] ;
_aNew York :
_bCambridge University Press,
_c2000.
300 _axii, 149 p.
490 1 _aRoman literature and its contexts
504 _aIncludes bibliographical references (p. 134-143) and indexes.
533 _aElectronic reproduction.
_bPalo Alto, Calif. :
_cebrary,
_d2013.
_nAvailable via World Wide Web.
_nAccess may be limited to ebrary affiliated libraries.
650 0 _aEpic poetry, Latin
_xHistory and criticism.
650 0 _aWomen and literature
_zRome.
650 0 _aSex role in literature.
650 0 _aWomen in literature.
655 7 _aElectronic books.
_2local
710 2 _aebrary, Inc.
830 0 _aRoman literature and its contexts.
856 4 0 _uhttp://site.ebrary.com/lib/rucke/Doc?id=10014993
_zAn electronic book accessible through the World Wide Web; click to view
999 _c11283
_d11283